Democracia, gobernabilidad e identidades sociales. Las Ciencias Sociales hacia el siglo XXI: problematización y respuestas. Memorias
Guardado en:
| 企業作者: | |
|---|---|
| 格式: | 未知 |
| 出版: |
Cuenca:
21 Ediciones
|
| 主題: | |
| 標簽: |
添加標簽
沒有標簽, 成為第一個標記此記錄!
|
MARC
| LEADER | 00000 a2200000 04500 | ||
|---|---|---|---|
| 001 | 19156 | ||
| 003 | |||
| 008 | 991231s d | ||
| 040 | |||
| 090 | |a 145301 | ||
| 110 | |a Universidad de Cuenca. Instituto de Investigaciones Científicas. Departamento de Cultura | ||
| 245 | |a Democracia, gobernabilidad e identidades sociales. Las Ciencias Sociales hacia el siglo XXI: problematización y respuestas. Memorias | ||
| 260 | |a Cuenca: |b 21 Ediciones | ||
| 300 | |a 195 p.; vol. 2 | ||
| 650 | |a DEMOCRACIA | ||
| 650 | |a SOBERANIA | ||
| 650 | |a RELACIONES HUMANAS | ||
| 650 | |a COMPORTAMIENTO SOCIAL | ||
| 650 | |a SOLIDARIDAD | ||
| 650 | |a APRENDIZAJE | ||
| 999 | |c 1268 |d 1268 | ||
